Kobe Or Wilt? - Statistics

General Stats
  • This quiz has been taken 26 times
  • The average score is 11 of 15
Answer Stats
Hint Answer % Correct
Scored 81 points in a single game Kobe
95%
Is 7'1" Wilt
95%
Had a rivalry with Bill Russell Wilt
90%
Is the youngest starter in NBA history Kobe
86%
Died in a helicopter crash Kobe
86%
Died in 1999 Wilt
86%
Had 1 MVP Kobe
81%
Scored 100 in a single game! Wilt
81%
Had 2 jersey numbers throughout their career Kobe
71%
Scored 4000 points in a single season Wilt
67%
Was raised in Italy Kobe
57%
18 time all star Kobe
57%
Never fouled out in a game Wilt
57%
Had 4 MVPs Wilt
43%
Was born in Philadelphia Wilt
43%
No matching quizzes found
Score Distribution
Percent of People with Each Score
Percentile by Number Answered
Your Score History
You have not taken this quiz